000
00240nam a22001097a 4500
082
_a
620.1 JUN'M
100
_a
JUNNARKAR, S.B
_9
42702
245
_a
MECHANICS OF STRUCTURE
260
_a
KARACHI
_b
UNION
_c
1966
300
_a
280 P
942
_c
BK
999
_c
582551
_d
582551